Normal view
MARC view
- TRIBOLOGY MATHEMATICAL MODELS CONGRESSES SURFACES TECHNOLOGY CONGRESSES
Entry Topical Term
001 - CONTROL NUMBER
- control field: 66532
003 - CONTROL NUMBER IDENTIFIER
- control field: NUST
005 - DATE AND TIME OF LATEST TRANSACTION
- control field: 20210628203617.0
008 - FIXED-LENGTH DATA ELEMENTS
- fixed length control field: 210628|| aca||aabn | a|a d
040 ## - CATALOGING SOURCE
- Original cataloging agency: NUST
- Transcribing agency: NUST
150 ## - HEADING--TOPICAL TERM
- Topical term or geographic name entry element: TRIBOLOGY MATHEMATICAL MODELS CONGRESSES SURFACES TECHNOLOGY CONGRESSES
670 ## - SOURCE DATA FOUND
- Source citation: Work cat.: (NUST): Ling, F. F , Pan, C. H. T 66531, Approaches to modeling of friction and wear , proceedings of the workshop on the use of surface defermation models to predict tribology behavior dec 17-19 1984, 1988
